| 000 | 00751nam a2200241 a 4500 | ||
|---|---|---|---|
| 001 | BRCA_6223 | ||
| 005 | 20190320205357.0 | ||
| 008 | 190711s1921----gw-abo####---#000-0#ger-# | ||
| 041 | _ager | ||
| 044 | _agw | ||
| 050 | 4 |
_aF2815 _b.S36 1921 |
|
| 245 | 1 | 0 |
_aMeine Jagd dem Glueck in Argentinien und Paraguay _bReise, Arbeits und Jagdadventever _cvon Hans Schmidt. |
| 260 |
_aLeipzig _bR. Voigtlaender _c1921 |
||
| 300 |
_a208 p. _bil., mapas, 63 fotografías _c22 cm. |
||
| 500 | _aIncluye índice alfabético | ||
| 500 | _aK83 | ||
| 650 | 1 | 4 |
_aViajeros alemanes _97026 |
| 650 | 1 | 4 |
_aArgentina _eDescripción y viajes _915637 |
| 651 | 4 |
_aParaguay _vDescripción y viajes _915638 |
|
| 700 | 1 |
_aSchmidt, Hans _915639 |
|
| 902 | _aGFM | ||
| 942 |
_2lcc _cB |
||
| 999 |
_c5910 _d5910 |
||